000 00523nam a2200205Ia 4500
005 20260429112125.0
008 260429s9999||||xx |||||||||||||| ||und||
020 _a9789349557154
041 _aEnglish
082 _a294.52114
_bNAG
100 _aNagar, Shantilal
245 0 _aGanga (the holy river) /
_cShantilal Nagar
250 _a1st ed.
260 _aDelhi :
_bB. R. Publishing Corporation,
_c2026.
300 _avi, 104 p.; hb
440 _aHoly Books
650 _a River
650 _aGanga
942 _cTB
999 _c52473
_d52473